[Event "It"]
[Site "Linares"]
[Date "1998.02.24"]
[Round "3"]
[White "Shirov, Alexei"]
[Black "Topalov, Veselin"]
[Result "1-0"]
[WhiteElo "2710"]
[BlackElo "2740"]
[Annotator "NN"]
[PlyCount "67"]
[EventDate "1998.??.??"]
[SourceDate "2003.04.06"]

1. e4 {Shirov,A} 1... c5 2. Nf3 e6 3. d4 cxd4 4. Nxd4 a6 5. Bd3 Qb6 6. Nb3 Qc7
7. Qe2 (7. Nc3 d6 8. O-O Nf6 9. f4 Nbd7 10. Qe2 (10. Qf3 Be7 11. Be3 b5 12. g4
h6 13. Qh3 g6 14. g5 Nh5 15. gxh6 Ndf6 16. f5 gxf5 17. exf5 b4 18. Ne4 e5 19.
Kf2 Bb7 {0-1 Aronian,L-Sulava,N/Cappelle op 1996/ (30)}) (10. Kh1 b5 11. a4 b4
12. Na2 Bb7 13. Qe1 a5 14. c3 Be7 15. cxb4 axb4 16. Nxb4 O-O 17. Bd2 Nc5 18.
Nxc5 dxc5 19. e5 Nd7 20. Nc2 {1-0 Agopov,M-Rowson,J/EU-chJM 1997/ (30)}) 10...
b5 11. Bd2 Bb7 12. a3 Be7 13. Rae1 e5 14. Nd1 O-O 15. Na5 Rfe8 16. Nxb7 Qxb7
17. Qf3 Bf8 18. Ne3 exf4 19. Ng4 Nxg4 {
1/2-1/2 Gallagher,J-Emms,J/Wichern-op 1995/}) 7... Nf6 8. Nc3 d6 9. f4 Be7 (
9... b5 10. g4 Nfd7 11. O-O Be7 12. g5 Nc6 13. a4 b4 14. Nd1 Bb7 15. Be3 g6 16.
Nf2 h6 17. gxh6 Rxh6 18. c3 bxc3 19. Rac1 cxb2 20. Qxb2 Rh4 21. Nd2 Rb8 {
0-1 Kurajica,B-Azmaiparashvili,Z/Strumica 1995/ (37)}) 10. e5 $5 {'N?' Shirov,
A.  Shirov is fully aware, that his e5 pawn is hopelessly exposed, but his
temperament requires space for the pieces.} (10. O-O Nbd7) (10. Be3 {Shirov,A}
10... Nc6 {- 55/187}) (10. g4 $5 {Shirov,A}) 10... dxe5 11. fxe5 Nfd7 12. Bf4
Nc6 13. O-O Ndxe5 {'=/+' Shirov,A.} (13... Ncxe5 $5 14. Rae1 Qb6+ 15. Kh1 (15.
Be3 Qc7) 15... Nxd3 16. Qxd3 Nf6 $13) 14. Rae1 Qb6+ (14... Bf6 15. Ne4 Be7 16.
Qh5 $44) 15. Kh1 (15. Be3 {Shirov,A} 15... Qd8 $15) 15... Nxd3 (15... Ng6 16.
Be3 (16. Bg3 {Shirov,A} 16... O-O 17. Qh5 Nb4) 16... Qc7 17. Na4 b5 (17... O-O
{Shirov,A} 18. Bxg6 hxg6 19. Nb6 Rb8 20. Nc4 $44) (17... Nb4 {Shirov,A} 18. Be4
$44 f5 $140 19. c3 $1) 18. Nb6 Rb8 19. Nxc8 Rxc8 20. c4 $44) 16. Qxd3 O-O 17.
Qg3 $1 Kh8 $2 {'?!' Shirov,A.  Topalov misses the point of white's last move.
Apart from chances on the kingside white his hoping to exploit the weakness of
b6 square.} (17... f5 18. Ne4 $5 (18. Bc7 Qb4 (18... Qa7 {Shirov,A} 19. Na4 Bd8
20. Nb6 (20. Bd6 $2 {Shirov,A} 20... Rf6) 20... Bxc7 21. Qxc7 Rf7 22. Nxc8 Rxc7
23. Nxa7 Nxa7 24. Nd4 Nb5 25. Nxe6 Rxc2 26. a4 $1 (26. Rxf5 {Shirov,A} 26...
Re8 27. Ref1 h5 28. Rf8+ Rxf8 29. Rxf8+ Kh7 $15) 26... Nd6 27. Rd1 Nc4 28. Rd7
$44) 19. Rf4 (19. a3 Qh4) 19... Bd6 20. Bxd6 Qxd6 21. Rxf5 Qxg3 22. Rxf8+ Kxf8
23. hxg3 $11) 18... fxe4 19. Bh6 g6 20. Qc3 Rxf1+ 21. Rxf1 e5 22. Qc4+ Be6 23.
Qxe6+ Kh8 24. Rf7 $18) (17... Qd8 18. Rd1 Bd7 19. Bh6 Bf6 20. Rxd7 Qxd7 21.
Rxf6 $18) (17... f6 18. Ne4 $44 (18. Bc7 {Shirov,A} 18... Qa7 19. Na4 Bd8 (
19... e5 $5 {Shirov,A} 20. Nb6 Be6 $44) 20. Bxd8 Nxd8 21. Qd6 $1 Nf7 22. Qc5
Qxc5 (22... Qb8 {Shirov,A} 23. Nb6 Ra7 24. Re3 $44) 23. Nbxc5 e5 24. Nb6 Ra7
25. c4 $44)) 18. Bc7 Qa7 19. Na4 f6 (19... b5 20. Nb6 Bb7 21. Nxa8 Qxa8 $14)
20. Bb6 Qb8 21. Bc7 Qa7 22. Nb6 {'!?' Shirov,A.} (22. Bb6 $11 {Shirov,A}) 22...
e5 (22... Rb8 23. Bxb8 Qxb6 24. Bc7 $16) 23. Nxa8 Qxa8 24. Rd1 Re8 $2 {
'!' Shirov,A.  Black badly needs a harmonious piece play to compensate for the
material disadvantage and white's attacking chances.} (24... Bd8 25. Bxd8 Rxd8
26. Rxd8+ Nxd8 27. Qxe5 $18) (24... Be6 25. Bd6 Qe8 26. Nc5 Bc8 $16) 25. Bd6
Bd8 26. Nc5 {'!?' Shirov,A.} 26... b6 27. Ne4 Nd4 {'?' Shirov,A.} (27... Bb7
28. Ba3 {/\ Nd6}) (27... Be6 $5 {Shirov,A} 28. Ba3 Nd4 $44) 28. Bxe5 $1 Nf5 {
'!' Shirov,A.} (28... Rxe5 $4 29. Qxe5 fxe5 30. Rf8#) (28... Qxe4 29. Bxd4 Qxc2
30. Rde1 $16) (28... fxe5 29. Nd6 Nf5 (29... Qc6 30. Qxe5 $1 (30. Nxe8 Qxe8 31.
Qxe5 Ne6 32. Rd6 $18) 30... Ne6 31. Qd5 Qxd5 32. Rxd5 $18) 30. Rxf5 Bxf5 31.
Nxe8 $18) 29. Qg4 $1 (29. Qd3 $2 Bb7 {'!' Shirov,A.} 30. Qd7 (30. Rxf5 {
Shirov,A} 30... Bxe4 31. Qd7 Bxg2+ 32. Kg1 Be7 33. Bd4 Bh3 $19) 30... Bc6 31.
Qxf5 (31. Qf7 {Shirov,A} 31... Nh6 32. Qh5 fxe5 $19) 31... Bxe4 32. Qd7 Be7 33.
Bd4 Bxg2+ $19) (29. Rxf5 Qxe4 30. Rff1 fxe5 $17) (29. Qc3 $2 {Shirov,A} 29...
Bb7 $19) 29... Ne3 $2 {Topalov is a sharp player himself and with this jump he
shows great courage. It is somewhat unpleasant to admit, that such a nice
knight jump turns out to be a decisive mistake.} (29... fxe5 30. Rxf5 Be7 (
30... g6 31. Rxe5) 31. Qf3 Bxf5 32. Qxf5 $14) (29... Nd6 $2 {Shirov,A} 30. Qh5
Qxe4 31. Bxd6 Bg4 32. Qf7 Bxd1 33. Bf8 Qg6 34. Bxg7+ Qxg7 35. Qxe8+ Qg8 36.
Qxg8+ Kxg8 37. Rxd1 $18) 30. Qh5 {'!' Shirov,A.} 30... Rg8 {'?' Shirov,A.} (
30... Rf8 31. Qf7 $3 {'!' Shirov,A.} 31... Rg8 32. Rxd8 Rxd8 33. Bxf6 Rg8 34.
Bxg7+ Rxg7 35. Qe8+ Rg8 36. Qe5+ Rg7 37. Rf8#) (30... Qc6 $1 31. Rd6 (31. Rxd8
Rxd8 32. Nxf6 $2 Qxg2#) 31... Qb5 (31... Bg4 {Shirov,A} 32. Rxc6 Bxh5 33. Re1
Nxc2 (33... Rxe5 {Shirov,A} 34. Rxe3 Bg4 35. Rd3 Re8 36. h3 Bf5 37. Nd6 Re1+
38. Kh2 Bxd3 39. Rc8 $18) 34. Rxc2 Rxe5 35. Rc8 Rd5 36. Nc3 Rd6 37. g4 Bg6 38.
Rd1 Bd3 39. Kg1 Kg8 40. Ne4 Rd7 41. Nf2 $18) 32. Re1 (32. c4 Qxe5) 32... Bg4 (
32... Nc4 33. Rxd8 Rxd8 34. Nxf6 $18) 33. Qf7 Qxe5 (33... Nc4 34. Rxd8 (34.
Rxf6 Bxf6 (34... Nxe5 35. Qf8+) 35. Nxf6 Nd6 36. Qd5 Qxd5 37. Nxd5 Bf5 38. Re3
$16) 34... Rxd8 35. Bxf6 Rg8 36. Nc3 $18) (33... Nxc2 34. Nc3) 34. Rxe3 Bh5 35.
Qd5 Qf4 $1 (35... Qxd5 {Shirov,A} 36. Rxd5 Bg6 37. Rdd3 Bc7 38. Nf2 Be5 39. Rd2
Rf8 40. Nd3 $18) 36. Qd3 (36. Re1 Bc7 37. Qxh5 g6 $13) 36... Bc7 37. g3 $16 Qf5
(37... Qxe3 {Shirov,A} 38. Qxe3 Bxd6 39. Qxb6 $18) 38. Nxf6 Qxd3 39. Rxe8+ Bxe8
40. Rxd3 gxf6 41. Rc3 $18) (30... g6 {Shirov,A} 31. Rxd8 $18) 31. Qf3 $1 {
'+-!' Shirov,A.} 31... Nxd1 (31... Bb7 32. Nd6 Re8 33. Qxb7 Qxb7 34. Nxb7 Nxf1
35. Bd6 Nd2 36. Bg3 Nc4 37. b3 Na3 38. Nxd8 $18) (31... Nxf1 32. Nd6 Qa7 33.
Nxc8 Qf7 34. Qxf1 $18) 32. Nd6 $1 {Black is a piece up, but he will have to
drop a lot of material because of the threat Nf7 mate.} 32... Qa7 $8 (32...
Qxf3 33. Nf7#) 33. Nxc8 Qd7 34. Nd6 (34. Nd6 Nxb2 35. Qd5 Rf8 36. Bxb2 $18) 1-0

[Event "It"]
[Site "Linares"]
[Date "1998.02.28"]
[Round "6"]
[White "Shirov, Alexei"]
[Black "Svidler, Peter"]
[Result "1-0"]
[WhiteElo "2710"]
[BlackElo "2690"]
[Annotator "NN"]
[PlyCount "55"]
[EventDate "1998.??.??"]
[SourceDate "2003.04.06"]

1. e4 {Shirov,A. Petursson} 1... c5 2. Nf3 d6 3. d4 cxd4 4. Nxd4 Nf6 5. Nc3 a6
6. Be3 e5 7. Nb3 Be6 8. Qd2 Nbd7 9. f3 h5 10. O-O-O (10. Nd5 Nxd5 (10... Bxd5
11. exd5 g6 12. Be2 Ng8 13. Qb4 Qc7 14. Na5 Bh6 15. Bf2 Ngf6 16. c4 O-O 17. O-O
Rae8 18. Kh1 Bf4 {Tiviakov,S-Tisdall,J/World Cities 1997/1/2-1/2 (40)}) 11.
exd5 Bf5 12. Be2 g6 13. Na5 Qc7 14. O-O Bg7 {
Nijboer,F-Van Wely,L/Hoogovens/1998/}) 10... Rc8 (10... Qc7 11. Nd5 Bxd5 12.
exd5 Nb6 13. Qa5 Rc8 14. c3 Nc4 15. Bxc4 Qxc4 16. Rhe1 Be7 17. Bg5 O-O 18. Bxf6
Qf4+ 19. Nd2 Qxf6 20. Qb6 Rb8 {Shirov,A-Ljubojevic,L/Investbanka 1997}) (10...
b5 11. Nd5 Nxd5 12. exd5 Bf5 13. Kb1 (13. Bd3 Bxd3 14. Qxd3 g6 15. f4 Bh6 16.
Rde1 O-O 17. f5 Bxe3+ 18. Rxe3 Qg5 19. Rf1 Nf6 {
0-1 Kasimdzhanov,R-Sadvakasov,D/WchJM U18 1996/ (41)}) 13... Rc8 14. Bd3 Bxd3
15. cxd3 Be7 16. Na5 Nf6 17. d4 Nxd5 18. dxe5 Nxe3 19. Qxe3 O-O 20. Nb7 Qc7 21.
Nxd6 Bxd6 22. exd6 Qc2+ 23. Ka1 Rfe8 24. Qd4 Re2 {
Hachian,M-Sadvakasov,D/RUS-Cup3 1996/1/2-1/2 (45)}) 11. Kb1 Be7 (11... Qc7 12.
Nd5 (12. g3 Be7 13. h3 b5 14. Qf2 Qb7 15. Na5 Qc7 16. Nb3 Qb7 17. Na5 Qc7 {
1/2-1/2 Sax,G-Leko,P/HUN-ch 1997/}) 12... Nxd5 13. exd5 Bf5 14. Bd3 Bxd3 15.
Qxd3 Be7 16. Nd2 g6 17. c3 b5 18. h4 Qb7 19. Nb3 Bd8 20. Bg5 Nc5 21. Nxc5 Rxc5
22. f4 O-O 23. g4 {0-1 Wang Zili-Van Wely,L/ST Lee Cup 4th 1997/ (41)}) 12. Nd5
(12. h3 b5 13. Be2 h4 14. a4 b4 15. Na2 a5 16. Bb5 O-O 17. Nac1 Qc7 18. Qf2 Rb8
19. Qxh4 Rxb5 20. axb5 a4 21. Na1 a3 22. Qe1 axb2 23. Kxb2 d5 {
0-1 Porubszky Angyalosine,M-Bacso,G/HUN-chT 1993/ (37)}) 12... Bxd5 {
'N!?' Shirov,A.} (12... Nxd5 13. exd5 Bf5 14. Bd3 Bxd3 15. Qxd3 Bg5 16. Rhe1
O-O 17. g3 Bxe3 18. Qxe3 Qc7 19. c3 Nb6 20. Qg5 Nc4 21. Nd2 Qb6 22. Nxc4 Rxc4 {
0-1 Kovacevic,A-Gelfand,B/Investbanka Belgrade/1997 (29)}) (12... Nxd5 {
(Shirov,A) - 71/258}) 13. exd5 Nb6 {'!' Shirov,A.} 14. Bxb6 (14. Qa5 Qc7 (14...
Nc4 {Shirov,A} 15. Qxd8+ Bxd8 $11) 15. c3 Bd8 $13) 14... Qxb6 15. g3 {
'!' Shirov,A.} 15... O-O 16. Bh3 Ra8 $6 {'!' Shirov,A.} (16... Rc7 17. Rhe1)
17. Rhe1 a5 $2 {Svidler is impatient and hopes for a quick counterplay. The
problem is weakening of the white squares.} (17... Rfe8 $14) 18. a4 (18. c4 {
Shirov,A} 18... a4 19. Nd4 exd4 20. Rxe7 Rfe8 $13) 18... Qc7 $6 {'??' Shirov,A.
} (18... Qb4 $5 19. f4 e4 (19... Qxa4 20. fxe5 dxe5 21. d6 Rfd8 22. Nc5 Qc6 23.
Nd7 $1 Rxd7 24. Bxd7 Qxd7 25. dxe7 Qxe7 $13) 20. Qxb4 (20. Qd4 Bd8) 20... axb4
{'!' Shirov,A.} 21. Bf5 (21. a5 Bd8) 21... Rxa4 22. Bxe4) 19. Bf1 $1 {
'+/-' Shirov,A.} 19... Rfc8 20. Bb5 Bf8 21. f4 $1 {White pieces are clearly
more active and black must be very careful in order to avoid great
disadvantage.} (21. c4 $5 {Shirov,A} 21... g6 22. c5 $1 $16) 21... exf4 (21...
e4 22. Re2 Qb6 23. Qd4 Qxd4 24. Rxd4 g6 25. Nd2 $16) 22. gxf4 {'!' Shirov,A.}
22... Qb6 (22... g6 {Shirov,A} 23. f5 $18) 23. Re2 Ne8 (23... Rc7 24. Rde1 Rac8
25. Qd3 $16) 24. f5 {'??' Shirov,A.} (24. Rg2 {Shirov,A} 24... Nc7 25. Bd7 (25.
Bd3 {Shirov,A} 25... Nxd5 26. Bh7+ Kxh7 27. Qxd5 Kg8 28. Qxh5 $16) 25... Rd8
26. Bf5 Re8 27. Rdg1 $18) 24... Nc7 $2 (24... Nf6 25. Rde1 Rc7 26. h3 $14) 25.
f6 $1 {Shirov could have only dreamed about the chance like this. White's
attack will be dangerous, since his pieces can use open g file.} (25. Bc4 {
Shirov,A} 25... Qb4) (25. Bd3 {Shirov,A} 25... Nxd5 (25... Qb4 {Shirov,A} 26.
Qg5 Qg4 $13) 26. Qg5 Re8 27. f6 (27. Rg2 $5 {Shirov,A}) 27... Nxf6 28. Rg2 d5
$13) 25... g6 {'??' Shirov,A.} (25... Nxb5 26. fxg7 $1 (26. axb5 g6 27. Nd4 $16
) 26... Bxg7 27. Rg2 Rc4 $1 (27... Nc7 28. Qh6 Ne8 29. Re1 Kf8 30. Rxg7 $1 Nxg7
31. Qh8#) 28. axb5 $1 (28. Rdg1 Rg4 29. Rxg4 hxg4 30. Rxg4 Nc7) (28. h3 Nc7 {
'!' Shirov,A.} (28... Rxa4 {Shirov,A} 29. Rf1 $3 Rg4 (29... Ra1+ {Shirov,A} 30.
Kxa1 a4 31. Rxg7+ Kxg7 32. Qg5+ Kf8 33. Nc5 $3 dxc5 34. Qxh5 $18) 30. hxg4 h4
31. Rgf2 Rf8 32. Qxa5 $16) 29. Qg5 (29. Rdg1 Ne8 30. Rxg7+ (30. Qh6 $2 Rg4)
30... Nxg7 31. Qg2 Qxg1+ 32. Qxg1 Rxa4 $13) 29... Ne8 30. Re1 Kf8 31. Rxe8+ (
31. Qe7+ {Shirov,A} 31... Kg8 32. Qg5 Kf8 $11) 31... Kxe8 32. Qxg7 Rd8 33. Re2+
Kd7 34. Qxf7+ Kc8 35. Qxh5 Rxa4 $13) 28... Rg4 29. Rxg4 hxg4 30. Qg5 Qxb5 (
30... Kf8 31. Qxg4 Be5 32. Nd4) 31. Qxg4 Qe8 32. Nd4 Qe5 33. c3 $18) 26. Bd7 {
'+-' Shirov,A.} 26... Rd8 27. Be6 $1 {The bishop was already on h3 in the 16th
move, but used quite a different route for landing on the e6 square. Black's
king is now in a hopeless situation.} 27... Re8 (27... fxe6 28. Qg5 (28. dxe6
Nxe6 29. Qd5 Re8 30. Rxe6 Rxe6 31. Qxe6+ Kh8 32. Qf7 $18) 28... Kf7 29. Rg2 Ke8
30. dxe6 Nxe6 31. Qxg6+ Kd7 32. Qf7+ $18 (32. Qf7+ {Petursson} 32... Kc8 33.
Qxe6+ Kb8 34. Qd5 $18)) 28. Qg5 (28. Qg5 Bg7 (28... Nxe6 29. dxe6 Kh7 30. e7
Bh6 31. Qd5 Kg8 32. Rg2 $18) 29. Rg1 (29. Qxg6 Nxe6) 29... Nxe6 30. dxe6 $18)
1-0

[Event "Monaco (rapid)"]
[Site "?"]
[Date "1998.??.??"]
[Round "?"]
[White "Shirov, Alexei"]
[Black "Anand, V."]
[Result "1-0"]
[WhiteElo "2710"]
[BlackElo "2770"]
[Annotator "RR"]
[PlyCount "39"]
[EventDate "1998.??.??"]
[SourceDate "2003.04.06"]

{72/210} 1. e4 c5 2. Nf3 d6 3. d4 cxd4 4. Nxd4 Nf6 5. Nc3 Nc6 6. Bg5 e6 7. Qd2
Be7 8. O-O-O Nxd4 9. Qxd4 O-O 10. f4 Qa5 11. Kb1 (11. Bc4 {- 72/(210)}) 11...
Rd8 (11... h6 {- 72/(210)}) 12. h4 Bd7 13. Bd3 h6 14. e5 dxe5 15. fxe5 Bc6 16.
Qe3 $146 (16. Qf4 {- 71/(207)}) 16... Rxd3 $6 (16... Ng4 $13) 17. Rxd3 hxg5 $2
(17... Ng4) 18. hxg5 Bxg2 19. gxf6 Bxh1 20. Qg1 1-0

[Event "Salamanca ES ch tt"]
[Site "?"]
[Date "1998.??.??"]
[Round "?"]
[White "Shirov, Alexei"]
[Black "Romero Holmes, Alfonso"]
[Result "1-0"]
[WhiteElo "2700"]
[BlackElo "2430"]
[PlyCount "81"]
[EventDate "1998.??.??"]
[SourceDate "2003.04.06"]

1. e4 e6 2. d4 d5 3. Nc3 Bb4 4. e5 c5 5. a3 Ba5 6. b4 cxd4 7. Qg4 Ne7 8. bxa5
dxc3 9. Qxg7 Rg8 10. Qxh7 Nbc6 11. f4 Qxa5 12. Rb1 Bd7 13. Nf3 O-O-O 14. Qd3 d4
15. g3 Nf5 16. Bg2 Qc7 17. O-O Na5 18. Bh3 Nc6 19. a4 Nce7 20. Ng5 Rxg5 21.
fxg5 Qxe5 22. Bf4 Qc5 23. Bg2 Nd5 24. Be5 Bxa4 25. g4 Nd6 26. Qxd4 Qxd4+ 27.
Bxd4 Bxc2 28. Rbc1 Be4 29. Bxc3 Bxg2 30. Bd4+ Kd7 31. Kxg2 b6 32. Kf3 a5 33. h4
b5 34. h5 Nc4 35. Rfe1 Nb4 36. Bf6 Rc8 37. h6 Nd5 38. Bg7 Ne7 39. h7 Ng6 40.
Ke2 b4 41. Red1+ 1-0

[Event "Spanish TCh"]
[Site "Salamanca ESP"]
[Date "1998.??.??"]
[Round "9"]
[White "Shirov, Alexei"]
[Black "Korneev, O."]
[Result "1-0"]
[WhiteElo "2720"]
[BlackElo "2600"]
[PlyCount "61"]
[EventDate "1998.??.??"]
[SourceDate "2003.04.06"]

1. e4 c5 2. Nf3 e6 3. d4 cxd4 4. Nxd4 a6 5. Bd3 Bc5 6. Nb3 Ba7 7. c4 Nc6 8. Nc3
d6 9. O-O Nf6 10. Kh1 h5 11. Bg5 Qc7 12. Qd2 Bd7 13. Rad1 Ne5 14. Be2 Bc6 15.
f3 O-O-O 16. Nb5 axb5 17. cxb5 Be8 18. Rc1 Bc5 19. Nd4 Kb8 20. b4 b6 21. a4 h4
22. a5 Nh5 23. Bxh4 g5 24. Qxg5 f6 25. Qe3 Qg7 26. g4 Nf4 27. bxc5 Nxe2 28.
Nxe2 Rxh4 29. c6 Rc8 30. Qxb6+ Ka8 31. c7 1-0

[Event "Rubinstein mem"]
[Site "Polanica Zdroj"]
[Date "1998.08.23"]
[Round "6"]
[White "Markowski, Tom"]
[Black "Shirov, Alexei"]
[Result "0-1"]
[WhiteElo "2525"]
[BlackElo "2720"]
[Annotator "NN"]
[PlyCount "60"]
[EventDate "1998.08.17"]
[SourceDate "2003.04.06"]

1. Nf3 {Ftacnik} 1... d5 2. g3 Bg4 3. Bg2 Nd7 4. c4 e6 5. cxd5 exd5 6. O-O Ngf6
7. d3 c6 $6 (7... Bc5) 8. Qc2 Bc5 9. e4 O-O 10. h3 {'?!' Ftacnik.  Ftacnik:
'xg3' Ftacnik: 'This move only weakens white position since the g3 pawn
becomes vulnerable.'} (10. Nc3 $14) (10. Nbd2 {Ftacnik}) 10... Bh5 11. Nbd2 $6
(11. Nc3) 11... dxe4 $1 12. dxe4 Re8 13. b3 $6 Qe7 $1 $15 14. Bb2 (14. Nh4 Qe5
15. Nf5 Qxa1 16. Bb2 Qxa2 17. Ra1 Qxa1+ 18. Bxa1 Bf8 $15) (14. Re1 {Ftacnik}
14... Bg6 15. Nh4 Qe5 $1 16. Bb2 Qxg3 17. Qxc5 Qxh4 $17) 14... Nxe4 $1 {
'!?' Ftacnik.  Ftacnik: 'A truly fascinating move based on a deepunderstanding
of the position and a razor sharp calculation.'} 15. Rae1 (15. Nxe4 Qxe4 16.
Qc3 Nf6 $1 $17 {'!' Ftacnik.} (16... f6 $1 {Ftacnik} 17. Rfe1 Qb4 $17) (16...
Nf6 17. Ng5 Qf5 18. Ne4 Be7 19. g4 Bxg4 20. hxg4 Qxg4 21. Rae1 $13)) 15... Bg6
$1 (15... Bxf3 16. Bxf3 Nxd2 17. Rxe7 (17. Qxd2 Qd6 18. Qxd6 Bxd6 19. Rd1 Ne5
20. Bxe5 Bxe5 21. Rd7 Rab8 22. Re1 $44) 17... Nxf3+ 18. Kg2 Nh4+ 19. gxh4 Bxe7
$13) 16. Nh4 $1 (16. Nxe4 Bxe4 17. Qc3 Qf8 $17 18. Rxe4 $140 Rxe4 19. Ng5 Re5)
16... Bxf2+ $5 (16... Nxg3 $5 17. Rxe7 $1 (17. Nxg6 $2 Qg5 $1 18. Qd3 Nxf1 19.
Rxe8+ Rxe8 20. Qxd7 Rd8 21. Ne4 Bxf2+ 22. Kxf1 Qb5+ 23. Kxf2 Rxd7 $19) 17...
Bxc2 18. Rxd7 Nxf1 (18... Rad8 $2 19. Rxd8 Rxd8 20. Re1 $18) 19. Nxf1 Rad8 $5
20. Rxb7 Re2 21. Ne3 Be4 $1 22. Bc3 (22. Bxe4 $2 Bxe3 $19) 22... Bxe3 23. fxe3
Rxa2 24. Bd4 Rxg2+ 25. Nxg2 c5 26. Re7 Bxg2 27. Bxg7 Bxh3 $15) (16... Nxf2 $2
17. Rxe7 Bxc2 18. Rxd7 Rad8 19. Rxd8 Rxd8 20. b4 $16) 17. Rxf2 Nxf2 18. Rxe7
Bxc2 19. Rxd7 $1 (19. Rxe8+ $2 Rxe8 20. Kxf2 Nc5 $17) 19... Rad8 $1 (19... Nd1
20. Nc4 $1 $132) 20. Rxd8 Rxd8 21. Nc4 $1 (21. Kxf2 $5 Rxd2+ 22. Ke1 (22. Ke3
$2 Rd3+ 23. Kf2 Bxb3 $19) 22... Rd8 $15) 21... Nd3 (21... Nd1 $5) 22. Ba3 b5 $6
(22... Bb1 $5 $15) 23. Na5 $2 (23. Ne3 $1 Bxb3 (23... b4 24. Nxc2 bxa3 25. Bxc6
) (23... Bb1 {Ftacnik} 24. Be7 Re8 25. Nhf5 Ne5 26. Bc5 Bxa2 27. b4 $15) 24.
Be7 (24. axb3 b4 25. Bxb4 Nxb4 26. Bf1 $13) 24... Rd7 (24... Re8 25. Nhf5) 25.
Nhf5 Bd5 26. Nxd5 cxd5 27. Bf1 Ne5 28. Bxb5 Rb7 $11) 23... b4 $1 $19 {
'!!' Ftacnik.  Ftacnik: 'Yet another fascinating combination with a clear cut
motive- the a3 pawn will be close to the promotion square.'} 24. Nxc6 $8 bxa3
25. Nxd8 Nb4 $1 (25... Bxb3 26. Nf5 Bxa2 27. Nd4 $13) 26. Nf3 Nxa2 27. Nc6 Be4
$1 (27... Nc1 $17) 28. Nfd4 Bxc6 29. Nxc6 a5 $1 (29... Nc1 30. Nb4 a2 31. Nxa2
Nxa2 $17) 30. b4 (30. Nxa5 Nb4 $19) 30... axb4 $19 0-1